000 00399nmm a2200145Ia 4500
008 251105s9999||||xx |||||||||||||||||und||
041 _aspa
100 _aShteyngart, Gary
245 0 _aPequeño fracaso
264 _a[Madrid, España] :
_bLibros del asteroide,
_c2015
300 _a440 páginas
650 _aBiography
856 _uhttps://public.digitaliapublishing.com/a/50588
942 _cCF
999 _c105727
_d105727